Through each tomorrow / Gabrielle Meyer.
Available copies
- 0 of 3 copies available at LARL/NWRL Consortium.
- 0 of 2 copies available at Lake Agassiz Regional Library. (Show preferred library)
Current holds
1 current hold with 3 total copies.
View other formats and editions
Show Only Available Copies
| Location | Call Number / Copy Notes | Barcode | Shelving Location | Status | Due Date |
|---|---|---|---|---|---|
| Detroit Lakes Public Library | C MEY (Text) | 33500014297311 | New | Checked out | 07/07/2026 |
| Moorhead Public Library | C MEY (Text) | 33500014297303 | New | Checked out | 07/13/2026 |
| Red Lake Falls Public Library | C MEY (Text) | 35500006899924 | Main | In transit | - |
Record details
- ISBN: 9780764243028
- ISBN: 0764243020
- ISBN: 9780764245688
- ISBN: 0764245686
- Physical Description: 381 pages ; 22 cm.
- Publisher: Minneapolis, Minnesota : Bethany House, a division of Baker Publishing Group, [2025]
- Copyright: ©2025
Content descriptions
| Summary, etc.: | "In 1883, time-crosser Charles Hollingsworth ... Read More |
Search for related items by subject
| Genre: | Christian fiction. Time-travel fiction. Novels. |
Search for related items by series
| LDR | 02465cam a22005418i 4500 | ||
|---|---|---|---|
| 001 | 472343 | ||
| 003 | LARL_NWRL_CONSORTIUM | ||
| 005 | 20251107210218.0 | ||
| 008 | 250312t20252025mnu 000 1 eng | ||
| 007 | t| | ||
| 010 | . | ‡a 2025006546 | |
| 040 | . | ‡aDLC ‡beng ‡erda ‡cDLC ‡dOCLCO ‡dIG# ‡dTXB | |
| 019 | . | ‡a1519936279 | |
| 020 | . | ‡a9780764243028 ‡qpaperback | |
| 020 | . | ‡a0764243020 | |
| 020 | . | ‡a9780764245688 ‡qcasebound | |
| 020 | . | ‡a0764245686 | |
| 020 | . | ‡z9781493451296 ‡qebook | |
| 035 | . | ‡a(OCoLC)1509162305 ‡z(OCoLC)1519936279 | |
| 042 | . | ‡apcc | |
| 082 | 0 | 0. | ‡a813.6 ‡223/eng/20250407 |
| 100 | 1 | . | ‡aMeyer, Gabrielle, ‡d1980- ‡eauthor. ‡4aut ‡4http://id.loc.gov/vocabulary/relators/aut |
| 245 | 1 | 0. | ‡aThrough each tomorrow / ‡cGabrielle Meyer. |
| 264 | 1. | ‡aMinneapolis, Minnesota : ‡bBethany House, a division of Baker Publishing Group, ‡c[2025] | |
| 264 | 4. | ‡c©2025 | |
| 300 | . | ‡a381 pages ; ‡c22 cm. | |
| 334 | . | ‡asingle unit ‡bmono | |
| 336 | . | ‡atext ‡btxt ‡2rdacontent | |
| 337 | . | ‡aunmediated ‡bn ‡2rdamedia | |
| 338 | . | ‡avolume ‡bnc ‡2rdacarrier | |
| 490 | 0 | . | ‡aTimeless ; ‡v6 |
| 520 | . | ‡a"In 1883, time-crosser Charles Hollingsworth enters elite circles entwined with intrigue, unsure which path he will choose on his twenty-fifth birthday. In 1563, Lady Cecily Pembrooke serves Queen Elizabeth while her stepbrother Charles seeks to save the ailing monarch. As their futures hang by a thread and secrets unravel, are their destinies inescapable?"-- Provided by publisher. | |
| 655 | 7. | ‡aChristian fiction. ‡2lcgft | |
| 655 | 7. | ‡aTime-travel fiction. ‡2lcgft | |
| 655 | 7. | ‡aNovels. ‡2lcgft | |
| 901 | . | ‡a472343 ‡bOCoLC ‡c472343 ‡tbiblio ‡soclc | |

Add to basket
Permalink
Disable Highlighting